000 nam a22 7a 4500
999 _c129196
_d129196
008 190313b xxu||||| |||| 00| 0 eng d
020 _a9780521780131
050 _aP85.C47 C36 2005
245 _aThe Campridge companion to Chomsky
_cedited by James McGilvray
260 _aNew York
_bCambridge University
_c2005
300 _aix, 335p. ;
_c24cm.
600 _aChomsky, Noam
_945207
700 _aMcGilvray, James (ed.)
_945206
942 _2lcc
_cMONOGRAPH